04389 2202137 4500001002100000005001500021008004100036035002000077082000800097084001400105100002000119245007900139250000600218260003300224300001200257650001400269990001200283990001200295990001200307990001200319990001200331990001200343990001200355990001200367990001200379990001200391990001200403990001200415990001200427990001200439990001200451990001200463990001200475990001200487990001200499990001200511990001200523990001200535990001200547990001200559990001200571990001200583990001200595990001200607990001200619990001200631990001200643990001200655990001200667990001200679990001200691990001200703990001200715990001200727990001200739990001200751990001200763990001200775990001200787990001200799990001200811990001200823990001200835990001200847990001200859990001200871990001200883990001200895990001200907990001200919990001200931990001200943990001200955990001200967990001200979990001200991990001201003990001201015990001201027990001201039990001201051990001201063990001201075990001201087990001201099990001201111990001201123990001201135990001201147990001201159990001201171990001201183990001201195990001201207990001201219990001201231990001201243990001201255990001201267990001201279990001201291990001201303990001201315990001201327990001201339990001201351990001201363990001201375990001201387990001201399990001201411990001201423990001201435990001201447990001201459990001201471990001201483990001201495990001201507990001201519990001201531990001201543990001201555990001201567990001201579990001201591990001201603990001201615990001201627990001201639990001201651990001201663990001201675990001201687990001201699990001201711990001201723990001201735990001201747990001201759990001201771990001201783990001201795990001201807990001201819990001201831990001201843990001201855990001201867990001201879990001201891990001201903990001201915990001201927990001201939990001201951990001201963990001201975990001201987990001201999990001202011990001202023990001202035990001202047990001202059990001202071990001202083990001202095990001202107990001202119990001202131990001202143990001202155990001202167990001202179990001202191990001202203990001202215990001202227990001202239INLIS00000000000135220240711110504240711 0 ind  a0010-0524000587 a410 a410 MEI b aSandra S, Meita1 aBuku Siswa Bahasa Indonesia Kelas X ( Buku Pendamping ) /cMeita Sandra S. a1 aBandung :bPakar Raya,c2017 a276 hlm 4aNon Fiksi a0742206 a0742207 a0742208 a0742209 a0742210 a0742211 a0742212 a0742213 a0742214 a0742215 a0742216 a0742217 a0742218 a0742219 a0742220 a0742221 a0742222 a0742223 a0742224 a0742225 a0742226 a0742227 a0742228 a0742229 a0742230 a0742231 a0742232 a0742233 a0742234 a0742235 a0742236 a0742237 a0742238 a0742239 a0742240 a0742241 a0742242 a0742243 a0742244 a0742245 a0742246 a0742247 a0742248 a0742249 a0742250 a0742251 a0742252 a0742253 a0742254 a0742255 a0742256 a0742257 a0742258 a0742259 a0742260 a0742261 a0742262 a0742263 a0742264 a0742265 a0742266 a0742267 a0742268 a0742269 a0742270 a0742271 a0742272 a0742273 a0742274 a0742275 a0742276 a0742277 a0742278 a0742279 a0742280 a0742281 a0742282 a0742283 a0742284 a0742285 a0742286 a0742287 a0742288 a0742289 a0742290 a0742291 a0742292 a0742293 a0742294 a0742295 a0742296 a0742297 a0742298 a0742299 a0742300 a0742301 a0742302 a0742303 a0742304 a0742305 a0742306 a0742307 a0742308 a0742309 a0742310 a0742311 a0742312 a0742313 a0742314 a0742315 a0742316 a0742317 a0742318 a0742319 a0742320 a0742321 a0742322 a0742323 a0742324 a0742325 a0742326 a0742327 a0742328 a0742329 a0742330 a0742331 a0742332 a0742333 a0742334 a0742335 a0742336 a0742337 a0742338 a0742339 a0742340 a0742341 a0742342 a0742343 a0742344 a0742345 a0742346 a0742347 a0742348 a0742349 a0742350 a0742351 a0742352 a0742353 a0742354 a0742355 a0742356 a0742357 a0742358 a0742359 a0742360 a0742361 a0742362 a0742363 a0742364 a0742365 a0742366 a0742367 a0742368 a0742369